<?xml version="1.0" encoding="UTF-8"?><?xml-stylesheet type="text/xsl" href="static/style.xsl"?><OAI-PMH xmlns="http://www.openarchives.org/OAI/2.0/" xmlns:xsi="http://www.w3.org/2001/XMLSchema-instance" xsi:schemaLocation="http://www.openarchives.org/OAI/2.0/ http://www.openarchives.org/OAI/2.0/OAI-PMH.xsd"><responseDate>2026-04-17T15:46:31Z</responseDate><request verb="GetRecord" identifier="oai:www.recercat.cat:10230/69678" metadataPrefix="marc">https://recercat.cat/oai/request</request><GetRecord><record><header><identifier>oai:recercat.cat:10230/69678</identifier><datestamp>2025-12-22T20:19:40Z</datestamp><setSpec>com_2072_6</setSpec><setSpec>col_2072_452954</setSpec></header><metadata><record xmlns="http://www.loc.gov/MARC21/slim" xmlns:dcterms="http://purl.org/dc/terms/" xmlns:xsi="http://www.w3.org/2001/XMLSchema-instance" xmlns:doc="http://www.lyncode.com/xoai" xsi:schemaLocation="http://www.loc.gov/MARC21/slim http://www.loc.gov/standards/marcxml/schema/MARC21slim.xsd">
   <leader>00925njm 22002777a 4500</leader>
   <datafield ind2=" " ind1=" " tag="042">
      <subfield code="a">dc</subfield>
   </datafield>
   <datafield ind2=" " ind1=" " tag="720">
      <subfield code="a">Harty, Michael</subfield>
      <subfield code="e">author</subfield>
   </datafield>
   <datafield ind2=" " ind1=" " tag="260">
      <subfield code="c">2025-02-21T11:19:05Z</subfield>
   </datafield>
   <datafield ind2=" " ind1=" " tag="260">
      <subfield code="c">2025-02-21T11:19:05Z</subfield>
   </datafield>
   <datafield ind2=" " ind1=" " tag="260">
      <subfield code="c">2023</subfield>
   </datafield>
   <datafield ind2=" " ind1=" " tag="520">
      <subfield code="a">Treball fi de màster de: Master’s in International Relations. Curs 2022-2023</subfield>
   </datafield>
   <datafield ind2=" " ind1=" " tag="520">
      <subfield code="a">Political parties often emerge from authoritarian regimes that contend democratic elections following transitions to democracy. However, the behavior that these parties display in regard to democratic acceptance varies, ranging from working to reestablish authoritarian rule to accepting democracy and becoming important democratic actors. This study seeks to account for this variation in behavior by identifying the conditions under which these parties, known as authoritarian successor parties (ASPs), accept democracy. It conducts a comparative analysis using Mill’s Method of Agreement for two cases in which ASPs have accepted democracy and have become major democratic actors: the Alianza Popular/Partido Popular in Spain and the Partido Revolucionario Democrático in Panama. It then applies Mill’s Method of Difference to compare these results with the case of the Union Solidarity and Development Party in Myanmar, which has played a role in autocratization. The study finds that economic incentives for democracy, the level of support for democracy and relevance of domestic political actors (i.e. civil society, opposition parties, the military), and the level of international influence for democracy are determinant factors in ASP acceptance of democracy, while public support for democracy is not a determinant factor.</subfield>
   </datafield>
   <datafield tag="653" ind2=" " ind1=" ">
      <subfield code="a">Treball de fi de màster – Curs 2022-2023</subfield>
   </datafield>
   <datafield tag="653" ind2=" " ind1=" ">
      <subfield code="a">Authoritarian successor parties</subfield>
   </datafield>
   <datafield tag="653" ind2=" " ind1=" ">
      <subfield code="a">Democratization</subfield>
   </datafield>
   <datafield tag="653" ind2=" " ind1=" ">
      <subfield code="a">Democratic consolidation</subfield>
   </datafield>
   <datafield tag="653" ind2=" " ind1=" ">
      <subfield code="a">Political parties</subfield>
   </datafield>
   <datafield tag="653" ind2=" " ind1=" ">
      <subfield code="a">Comparative Analysis</subfield>
   </datafield>
   <datafield ind2="0" ind1="0" tag="245">
      <subfield code="a">From autocrats to democrats: a comparative analysis of authoritarian successor parties and democratic acceptance in Spain, Panama, and Myanmar</subfield>
   </datafield>
</record></metadata></record></GetRecord></OAI-PMH>